000 01258nam a2200325 a 4500
001 000110822
003 CHAP
005 20250214091813.0
008 141008s2011 mx a |s| |1|||||spa d
010 _a107284
011 _a108256
020 _a9786071202307
040 _cCHAP
090 _aCD-449
111 2 0 _aCongreso Internacional Sobre Globalización, Desarrollo Regional y Sector Agropecuario
_d(2011:
_cChapingo, Méx.)
_9128586
245 1 0 _aMemoria del quinto congreso internacional sobre globalización, desarrollo regiona y sector agropecuario
_h[Disco Compacto]
_ccompilado por Ignacio Caamal Cauich ... [et al.].
260 _aChapingo, Méx. :
_bUACH. División de Ciencias Económico Administrativas,
_c2011.
300 _a1 CD ROM ;
_c4 3/4 plg.
590 _aBATCH-UPD
_b05
_c20141008
_lUCH01
_h0940
590 _aE5995AHE
_b05
_c20141008
_lUCH01
_h0928
590 _aE5995AHE
_b05
_c20141008
_lUCH01
_h0939
650 1 4 _aAgricultura
_xAspectos económicos
_xAmérica Latina
_91202
650 1 4 _aGanadería
_xAmérica Latina.
_944610
650 1 4 _aPolítica económica
_xCongresos.
_990499
650 1 4 _aSeguridad alimentaria.
_9103673
700 1 _aCaamal Cauich, Ignacio
_e, comp.
_916527
901 _aBK
942 _cCD
942 _n0
999 _c107284
_d107284